000 00610nam a2200241Ia 4500
003 OSt
005 20220916111006.0
006 a|||||r|||| 00| 0
007 ta
008 220915b |||||||| |||| 00| 0 tel d
024 _a83,795
037 _cTextbook
040 _btel
_aARTS
_cARTS
041 _atel
082 _aR65,6, 35K0
100 _aChalla Lakshmi Narayana Sastri Au.
245 0 _aGeeta Saptasathi
260 _c1960
300 _a303p.
_ccm.
650 _aPHILOSOPHY
942 _hR65,6, 35K0
_cTB
_2CC
999 _c102870
_d102870